14 Countries + 1, with a Map - Statistics

General Stats
  • This quiz has been taken 292 times
  • The average score is 13 of 15
Answers on the Map
Answers color-coded by a green-red scale on the quiz's map according to % correct below.
 
Answer Stats
Hint Hint Country % Correct
693.3 140 Japan
99%
447 171.3 Egypt
98%
488 230 Somalia
96%
608 207.9 Thailand
96%
465.8 259.9 Kenya
95%
418 328 Namibia
94%
453.1 256.6 Uganda
93%
254.9 370.2 Uruguay
93%
438 310 Zambia
93%
478.8 149.9 Iraq
92%
423.6 87.1 Poland
92%
447 325 Zimbabwe
92%
436.7 107.1 Romania
89%
204 265.5 Ecuador
88%
495.7 176.2 Qatar
38%
No matching quizzes found
Score Distribution
Percent of People with Each Score
Percentile by Number Answered
Your Score History
You have not taken this quiz